[Event "Challenge"]
[Site "http://www.queenalice.com/game.php?id=926767"]
[Date "2011.4.17"]
[Round "-"]
[White "umgeher"]
[Black "Tisato"]
[Result "1-0"]
[WhiteElo "1608"]
[BlackElo "1628"]

1. e4 e5 2. f4 exf4 3. Bc4 Qh4+ 4. Kf1 Nf6 5. Nf3 Qh5 6. Nc3 Ng4 7. h4 Bc5 8. d4
Bxd4 9. Qxd4 Ne3+ 10. Bxe3 Nc6 11. Qxg7 Rf8 12. Bxf4 d6 13. Nd5 Qg6 14. Nxc7+
Ke7 15. Bxd6+ Qxd6 16. Nd5+ Ke8 17. e5 Nxe5 18. Nxe5 Qxe5 19. Qxe5+ Be6 20. Nc7+
Ke7 21. Kg1 Rad8 22. Re1 Rd2 23. Nxe6 fxe6 24. Qxe6+ Kd8 25. Qe7+ Kc8 26. Be6+
Kb8 27. Qxf8+ Kc7 28. Qc5+ Kd8 29. Qc8+ Ke7 30. Kh2 b5 31. Rhf1 b4 32. Qf8# 1-0

[Event "AUTO-INT-2039"]
[Site "http://www.queenalice.com/game.php?id=940529"]
[Date "2011.5.20"]
[Round "1"]
[White "ValerioR"]
[Black "Tisato"]
[Result "1/2-1/2"]
[WhiteElo "1459"]
[BlackElo "1638"]

1. e4 e5 2. Nf3 Nc6 3. d4 d5 4. dxe5 dxe4 5. Qxd8+ Nxd8 6. Nc3 exf3 7. Nd5 c6 8.
Nc7+ Ke7 9. Nxa8 Bg4 10. Be3 Ke8 11. Nc7+ Kd7 12. Na8 f6 13. O-O-O+ Ke8 14. Nc7+
Ke7 15. Bc5+ Kf7 16. e6+ Nxe6 17. Nxe6 Bxe6 18. Bxf8 Kxf8 19. Rd8+ Ke7 20. Rb8
b5 21. Rb7+ Kf8 22. Rxa7 Bd5 23. Rd7 fxg2 24. Bxg2 Bxg2 25. Rg1 Bh3 26. Rgxg7
Bxd7 27. Rxd7 Ke8 28. Rd6 Ne7 29. Rxf6 Rf8 30. Rxf8+ Kxf8 31. Kd2 Nd5 32. Kd3
Nb4+ 33. Kd4 Nxc2+ 34. Kc5 b4 35. Kxc6 Nd4+ 36. Kc5 Nc2 37. Kc4 h5 38. Kb3 Nd4+
39. Kxb4 h4 40. h3 Ne2 41. a4 Nd4 42. Kc4 Nc6 43. b4 Ne5+ 44. Kc5 Nd7+ 45. Kd6
Nb6 46. a5 Nc8+ 47. Kc7 Na7 48. Kb7 Nb5 49. a6 Nd6+ 50. Kc6 Nc8 51. b5 Na7+ 52.
Kb6 Nc8+ 53. Kc7 Na7 54. b6 Nb5+ 55. Kc6 Nd4+ 56. Kd5 Nb5 57. b7 Nc7+ 58. Kc6
Nxa6 59. Kb6 Nb8 60. Kc5 Na6+ 61. Kc6 Nb8+ 62. Kd5 Nd7 63. Ke4 Nc5+ 64. Kf4 Nxb7
65. Kg4 Nc5 66. Kxh4 Ne4 67. f4 Kf7 68. Kg4 Kf6 69. h4 Nf2+ 70. Kg3 Ne4+ 71. Kf3
Nd2+ 72. Kg4 Ne4 73. h5 Kg7 74. f5 Nf6+ 75. Kg5 Nh7+ 76. Kf4 Kh6 77. Kg4 Nf6+
78. Kh4 Nxh5 79. Kg4 Nf6+ 80. Kf4 Kh5 81. Ke5 Kg5 82. Ke6 1/2-1/2

[Event "AUTO-INT-2039"]
[Site "http://www.queenalice.com/game.php?id=940530"]
[Date "2011.5.20"]
[Round "1"]
[White "Tisato"]
[Black "ValerioR"]
[Result "0-1"]
[WhiteElo "1667"]
[BlackElo "1515"]

1. e4 e5 2. Nf3 Nc6 3. d4 exd4 4. Nxd4 Bc5 5. c3 d5 6. exd5 Nxd4 7. cxd4 Bb4+ 8.
Nc3 Qxd5 9. a3 Bxc3+ 10. bxc3 Bf5 11. Qe2+ Ne7 12. Qb5+ Bd7 13. Qxd5 Nxd5 14.
Bb2 O-O 15. O-O-O Rfe8 16. Bc4 Nf4 17. Rhe1 Nxg2 18. Rg1 Ba4 19. Rdf1 Nf4 20. d5
b5 21. Ba2 Ne2+ 22. Kb1 Nxg1 23. Rxg1 Re2 24. c4 Rae8 25. Rxg7+ Kf8 26. cxb5
Bc2+ 27. Kc1 Ba4 28. d6 Rc2+ 29. Kb1 Re1+ 30. Bc1 Rexc1# 0-1

[Event "AUTO-INT-2039"]
[Site "http://www.queenalice.com/game.php?id=940541"]
[Date "2011.5.20"]
[Round "1"]
[White "dcmfc"]
[Black "Tisato"]
[Result "0-1"]
[WhiteElo "1582"]
[BlackElo "1673"]

1. e4 e5 2. Nf3 Nc6 3. Nc3 Bc5 4. Bc4 Qh4 5. Nxh4 Nf6 6. O-O O-O 7. Re1 d6 8. h3
Nd4 9. Nf3 c6 10. Nxd4 Bxd4 11. a3 d5 12. exd5 cxd5 13. Nxd5 Nxd5 14. Bxd5 Be6
15. Bxb7 Rab8 16. Be4 f5 17. c3 Bc5 18. Bc2 e4 19. b4 Bb6 0-1

[Event "AUTO-INT-2039"]
[Site "http://www.queenalice.com/game.php?id=940542"]
[Date "2011.5.20"]
[Round "1"]
[White "Tisato"]
[Black "dcmfc"]
[Result "1-0"]
[WhiteElo "1660"]
[BlackElo "1595"]

1. e4 c5 2. c4 Nc6 3. Nf3 d6 4. Nc3 g6 5. d4 cxd4 6. Nxd4 Nf6 7. Be2 Bg7 8. Be3
Nxd4 9. Bxd4 O-O 10. O-O a6 11. c5 dxc5 12. Bxc5 b5 13. Bf3 Nd7 14. Bd4 Bxd4 15.
Qxd4 e5 16. Qd5 Rb8 17. b4 Bb7 18. Qb3 Nf6 19. Rad1 1-0

[Event "Challenge"]
[Site "http://www.queenalice.com/game.php?id=943753"]
[Date "2011.5.28"]
[Round "-"]
[White "sunking"]
[Black "Tisato"]
[Result "0-1"]
[WhiteElo "1619"]
[BlackElo "1645"]

1. d4 Nf6 2. d5 d6 3. Nc3 e6 4. e4 e5 5. Bb5+ c6 6. dxc6 bxc6 7. Ba4 Qa5 8. Bb3
Nxe4 9. Ne2 d5 10. Bd2 Nxd2 11. Qxd2 d4 12. Ne4 Qb6 13. O-O Bb4 14. c3 dxc3 15.
bxc3 Be7 16. c4 Nd7 17. h3 Bh4 18. g3 Nc5 19. Nd6+ Kf8 20. gxh4 Bxh3 21. Rfe1
Qd8 22. Red1 Qxh4 23. Nf5 Qg4+ 24. Neg3 Ne4 25. c5 Nxd2 26. Rxd2 Qf3 27. Ne3 f5
28. Bd1 Qf4 29. Kh2 Qh4 30. Nexf5 Bxf5+ 31. Kg2 Qh3+ 32. Kf3 e4+ 33. Ke3 Qh6+
34. Ke2 e3 35. fxe3 Qh2+ 36. Ke1 Qxg3+ 37. Rf2 Qg1+ 38. Rf1 Qxe3+ 39. Be2 Re8
40. Rf3 Qxe2# 0-1

[Event "Challenge"]
[Site "http://www.queenalice.com/game.php?id=946694"]
[Date "2011.6.6"]
[Round "-"]
[White "renet54"]
[Black "Tisato"]
[Result "0-1"]
[WhiteElo "1607"]
[BlackElo "1653"]

1. d4 Nf6 2. Nf3 d5 3. Bf4 e6 4. c3 c5 5. e3 Ne4 6. Bd3 cxd4 7. exd4 Bd6 8. Qc1
O-O 9. Bh6 e5 10. dxe5 Bxe5 11. O-O gxh6 12. Qc2 Bc7 13. Nbd2 Bf5 14. Rad1 Qf6
15. Nd4 Qe5 16. Rde1 Qxh2# 0-1

[Event "Challenge"]
[Site "http://www.queenalice.com/game.php?id=948554"]
[Date "2011.6.11"]
[Round "-"]
[White "Tisato"]
[Black "CapitanFerrini"]
[Result "0-1"]
[WhiteElo "1660"]
[BlackElo "1884"]

1. e4 c5 2. Nf3 Nc6 3. c3 Nf6 4. e5 Ng4 5. d4 d6 6. Bf4 cxd4 7. cxd4 dxe5 8.
dxe5 Qxd1+ 9. Kxd1 Nxf2+ 10. Ke1 Nxh1 11. Nc3 Bd7 12. Nd5 O-O-O 13. Rc1 e6 14.
Nd4 exd5 15. Bb5 Re8 16. Bxc6 bxc6 17. Nxc6 Bxc6 18. Rxc6+ Kb7 19. Rc5 Bxc5 20.
e6 Rxe6+ 0-1

[Event "Challenge"]
[Site "http://www.queenalice.com/game.php?id=949816"]
[Date "2011.6.14"]
[Round "-"]
[White "tucuman"]
[Black "Tisato"]
[Result "1-0"]
[WhiteElo "1609"]
[BlackElo "1685"]

1. e4 e5 2. c4 Nf6 3. d3 Bc5 4. h3 O-O 5. a3 Nh5 6. Qxh5 g6 7. Qd1 Qf6 8. Nf3
Nc6 9. Bg5 Qd6 10. Nc3 Nd4 11. Nxd4 exd4 12. Ne2 Qe5 13. Bf4 Qe6 14. g4 d6 15.
Bg2 Bd7 16. b4 Bb6 17. f3 Rae8 18. Bc1 c5 19. b5 Ba5+ 20. Bd2 b6 21. Bxa5 bxa5
22. Qd2 f5 23. O-O-O fxe4 24. fxe4 Rf2 25. Rdf1 Rxg2 26. Qe1 Qe7 27. Rfg1 Qg5+
28. Kc2 Rxg1 29. Rxg1 Qe3 30. Rg3 Qh6 31. g5 Qh5 32. Nf4 Qh4 33. Nd5 Bxh3 34.
Nf6+ Kf8 35. Nxe8 Qxg3 36. Qxg3 Bf1 37. Nxd6 a4 38. Qf4+ 1-0

[Event "Challenge"]
[Site "http://www.queenalice.com/game.php?id=952929"]
[Date "2011.6.22"]
[Round "-"]
[White "Wilson"]
[Black "Tisato"]
[Result "1-0"]
[WhiteElo "1571"]
[BlackElo "1666"]

1. Nf3 d5 2. d4 Nc6 3. e3 Nf6 4. Bb5 e6 5. a3 Bd7 6. O-O Ne4 7. Nc3 f5 8. h3 Na5
9. Bxd7+ Qxd7 10. Ne5 Qe7 11. Nxe4 fxe4 12. c3 O-O-O 13. b3 Qh4 14. Nf7 Bd6 15.
Nxd8 Rxd8 16. Qe2 Nxb3 17. Rb1 Nxc1 18. Rbxc1 Bxa3 19. Ra1 Bd6 20. Rxa7 Kb8 21.
Rfa1 c6 22. Ra8+ Kc7 23. R8a7 Rf8 24. Qa6 Qxf2+ 25. Kh1 Rb8 26. Rb1 Qg3 27. Kg1
Qh2+ 28. Kf2 Qg3+ 29. Kf1 Rf8+ 30. Ke2 Rf2+ 31. Kd1 Kd7 32. Rbxb7+ Bc7 33. Rxc7+
Qxc7 34. Rxc7+ Kxc7 35. Qa7+ Kd6 36. Qxg7 Rf1+ 37. Ke2 Rc1 38. Qxh7 Rc2+ 39. Kd1
Rxc3 40. Kd2 Rd3+ 41. Ke2 Rb3 42. Kf2 c5 43. Qa7 1-0

[Event "AUTO-INT-1966"]
[Site "http://www.queenalice.com/game.php?id=958009"]
[Date "2011.7.8"]
[Round "2"]
[White "Tisato"]
[Black "Oguh"]
[Result "1-0"]
[WhiteElo "1618"]
[BlackElo "1714"]

1. e4 e5 2. Nf3 Nc6 3. Bb5 Qf6 4. c3 a6 5. Bc4 Bd6 6. d4 exd4 7. cxd4 Bb4+ 8.
Nc3 Nge7 9. O-O b5 10. Nd5 Nxd5 11. Bxd5 Bb7 12. e5 Qf5 13. Ng5 Rf8 14. Be4 1-0

[Event "AUTO-INT-1966"]
[Site "http://www.queenalice.com/game.php?id=958010"]
[Date "2011.7.8"]
[Round "2"]
[White "Oguh"]
[Black "Tisato"]
[Result "1-0"]
[WhiteElo "1676"]
[BlackElo "1670"]

1. e4 e5 2. Nf3 Nc6 3. Bb5 Nf6 4. Bxc6 bxc6 5. Nc3 d5 6. Nxe5 d4 7. Na4 Nxe4 8.
Qe2 f5 9. d3 Bb4+ 10. c3 dxc3 11. bxc3 Nxc3 12. Nxc3 Bxc3+ 13. Bd2 Qd4 14. Nxc6+
Kf7 15. Nxd4 Bxa1 16. O-O Bxd4 17. Re1 Be6 18. Qxe6+ Kf8 19. Qxf5+ Kg8 20. Qd5+
Kf8 21. Qxa8+ 1-0

[Event "Ti scanno porco :)"]
[Site "http://www.queenalice.com/game.php?id=975615"]
[Date "2011.8.22"]
[Round "-"]
[White "Suzaku"]
[Black "Tisato"]
[Result "1/2-1/2"]
[WhiteElo "1675"]
[BlackElo "1629"]

1. e4 e5 2. Nc3 c6 3. Nf3 d6 4. b3 c5 5. Nd5 Nc6 6. Bc4 Nf6 7. d3 Qa5+ 8. Bd2
Qa3 9. O-O Qb2 10. Nc7+ Kd8 11. Nd5 Nd4 12. Bc3 Qxc2 13. Bxd4 Qxd1 14. Raxd1
cxd4 15. Ng5 Be6 16. Nxe6+ fxe6 17. Nf4 Ke7 18. Nxe6 Ng4 19. Rde1 g6 20. h3 Nf6
21. Rc1 Nd7 22. Nc7 Rc8 23. Nd5+ Kd8 24. Bb5 Nc5 25. b4 Nxd3 26. Bxd3 Bh6 27.
Rc4 b5 28. Rc2 Rf8 29. g4 Rf3 30. Rxc8+ Kxc8 31. Bxb5 Rxh3 32. f3 Rg3+ 33. Kh2
Bf4 34. Nxf4 exf4 35. Rc1+ Kb7 36. Rf1 h5 37. gxh5 gxh5 38. Be8 h4 39. Bd7 h3
40. Bxh3 d3 41. Rd1 Rxf3 42. Bf1 Rf2+ 1/2-1/2

[Event "Cena all'inferno..."]
[Site "http://www.queenalice.com/game.php?id=979566"]
[Date "2011.8.31"]
[Round "-"]
[White "Tisato"]
[Black "Suzaku"]
[Result "1-0"]
[WhiteElo "1631"]
[BlackElo "1673"]

1. e4 e5 2. Nf3 Nc6 3. Nc3 Bc5 4. Bc4 Nf6 5. Ng5 O-O 6. O-O h6 7. d3 hxg5 8.
Bxg5 Ne7 9. Nd5 Nexd5 10. Bxd5 c6 11. Bc4 d5 12. exd5 cxd5 13. Bb3 Qd6 14. c4 d4
15. Re1 b6 16. Qf3 Be6 17. Bxf6 gxf6 18. Qg3+ Kh7 19. Re4 Rg8 20. Rh4# 1-0

[Event "Vendetta Vera! FreeTruceBaldazzi"]
[Site "http://www.queenalice.com/game.php?id=983887"]
[Date "2011.9.11"]
[Round "-"]
[White "Suzaku"]
[Black "Tisato"]
[Result "1-0"]
[WhiteElo "1691"]
[BlackElo "1654"]

1. e4 e5 2. Nc3 c6 3. Nf3 f6 4. d4 d6 5. d5 Ne7 6. b3 c5 7. Bb5+ Bd7 8. a4 Qa5
9. Bd2 Ng6 10. g3 a6 11. Bxd7+ Nxd7 12. Na2 Qb6 13. a5 Qb5 14. c4 Qxa5 15. Bxa5
b6 16. Bd2 Nf4 17. gxf4 b5 18. cxb5 axb5 19. b4 c4 20. fxe5 dxe5 21. Nc3 Rb8 22.
Be3 Bxb4 23. Qc2 O-O 24. Rb1 Ba5 25. Kf1 b4 26. Na4 b3 27. Qxc4 Rb4 28. Qc6 Rxa4
29. Qxa4 1-0